[Event "PNWCC Masters 2020"]
[Site "chess.com INT"]
[Date "2020.05.24"]
[Round "5.17"]
[White "Nguyen, Duc Hoa"]
[Black "Easton, Jack"]
[Result "0-1"]
[WhiteTitle "GM"]
[WhiteElo "2406"]
[BlackElo "2175"]
[WhiteFideId "12401358"]
[BlackFideId "30900069"]
[EventDate "2020.05.23"]

1. d4 d5 2. c4 dxc4 3. e3 Nf6 4. Bxc4 e6 5. Nf3 a6 6. O-O b5 7. Be2 Bb7 8. a4 b4
9. Nbd2 Nbd7 10. Nb3 c5 11. Bd2 cxd4 12. exd4 Be7 13. Rc1 Rc8 14. Bf4 O-O 15.
Qd2 Qb6 16. a5 Qa7 17. Ne5 Bd5 18. Qe3 Bxb3 19. Qxb3 Qxd4 20. Nxd7 Qxd7 21. Bxa6
Ra8 22. Rc7 Qd8 23. Qd3 Nd5 24. Rxe7 Qxe7 25. Bg3 Qa7 26. Bc4 Qxa5 27. h3 Rfd8
28. Qe2 Rac8 29. Bb3 Qc5 30. Kh2 Ne7 31. Ra1 Nf5 32. Qg4 Nxg3 33. fxg3 Qd4 34.
Qf3 Qd3 35. Rf1 Qxf3 36. Rxf3 Rd2 37. h4 Rxb2 38. Rd3 g6 39. Bd1 h5 40. g4 hxg4
41. Bxg4 b3 42. h5 gxh5 43. Bxh5 Rb8 44. Bd1 Rb1 45. Bh5 b2 46. Rg3+ Kf8 47. Rf3
Ke7 48. Rxf7+ Kd6 49. Bg6 Re1 50. Ra7 b1=Q 51. Bxb1 Rexb1 0-1

[Event "PNWCC Masters 2020"]
[Site "chess.com INT"]
[Date "2020.05.24"]
[Round "5.18"]
[White "Ghazarian, Kirk"]
[Black "Kumar, Nikhil"]
[Result "1/2-1/2"]
[BlackTitle "FM"]
[WhiteElo "2181"]
[BlackElo "2328"]
[WhiteFideId "30908604"]
[BlackFideId "30909040"]
[EventDate "2020.05.23"]

1. d4 Nf6 2. c4 e6 3. g3 c5 4. d5 exd5 5. cxd5 d6 6. Nc3 g6 7. Bg2 Bg7 8. Nf3
O-O 9. O-O Re8 10. Bf4 Bf5 11. a4 Na6 12. Nd2 Nh5 13. Be3 Nb4 14. Nc4 Qd7 15.
Rc1 Rad8 16. Bg5 Bf6 17. Bxf6 Nxf6 18. f3 Bh3 19. e4 Bxg2 20. Kxg2 Qe7 21. Qd2
Nd7 22. f4 Nb6 23. b3 f5 24. Nxb6 axb6 25. exf5 gxf5 26. Rfe1 Qf7 27. Rcd1 h5
28. h4 Kh7 29. Kf2 Kg6 30. Rxe8 Rxe8 31. Re1 Rxe1 32. Kxe1 Qf6 33. Kf2 Qf7 34.
Qd1 Kg7 35. Nb5 Nxd5 36. Nxd6 Qe6 37. Nc4 Nf6 38. Ne5 b5 39. axb5 Qb6 40. Nc4
Qxb5 41. Qd8 Qe8 42. Qc7+ Kh6 43. Ne5 Ne4+ 44. Kg2 b5 45. Nf7+ Kg6 46. Ne5+ Kf6
47. Nd7+ Ke6 48. Nxc5+ Nxc5 49. Qe5+ Kd7 50. Qd5+ Kc7 51. Qxc5+ Qc6+ 52. Qxc6+
Kxc6 53. Kf3 Kc5 54. Ke3 Kd5 55. Kd3 Kc5 56. Kc3 b4+ 57. Kd3 Kd5 58. Ke3 Kc5 59.
Kd3 Kd5 60. Ke3 Kc5 61. Kd3 1/2-1/2

[Event "PNWCC Masters 2020"]
[Site "chess.com INT"]
[Date "2020.05.24"]
[Round "5.19"]
[White "Tanenbaum, Zachary"]
[Black "Sinha, Sahil"]
[Result "1-0"]
[BlackTitle "IM"]
[WhiteElo "2137"]
[BlackElo "2324"]
[WhiteFideId "2060850"]
[BlackFideId "2065231"]
[EventDate "2020.05.23"]

1. e4 c5 2. Nf3 d6 3. d4 cxd4 4. Nxd4 Nf6 5. Nc3 Nc6 6. Bg5 e6 7. Bb5 Bd7 8. Qd3
h6 9. Bh4 Be7 10. O-O-O O-O 11. Bxc6 bxc6 12. Nb3 a5 13. Bxf6 gxf6 14. Qg3+ Kh7
15. Rxd6 Rg8 16. Qd3 Bxd6 17. Qxd6 Ra7 18. Rd1 Qc7 19. Qe7 Be8 20. Qxf6 Rxg2 21.
e5 c5 22. Ne4 Rg6 23. Qf4 f5 24. Nd6 Rg8 25. Qc4 Bd7 26. Nxc5 Rg4 27. f4 Rxf4
28. Qxf4 Qxc5 29. Qg3 Rc7 30. c3 Qb4 31. Rg1 Qg4 32. Qxg4 fxg4 33. Rxg4 h5 34.
Rg5 Kh6 35. h4 Bc6 36. Kd2 a4 37. c4 Ra7 38. Kc3 Ra8 39. Kd4 Rf8 40. Kc5 Bd7 41.
Rg2 Rf3 42. Kb6 a3 43. b3 Rf8 44. Kc7 Be8 45. Nxe8 Rxe8 46. Kd7 Rf8 47. Kxe6 Rf1
48. Kd6 Rd1+ 49. Kc5 Re1 50. Kb4 Rxe5 51. Kxa3 Re3 52. c5 Rc3 53. Kb4 Rh3 54. c6
Rxh4+ 55. Kb5 Rh1 56. Rc2 Rg1 57. c7 Rg5+ 58. Kb6 1-0

[Event "PNWCC Masters 2020"]
[Site "chess.com INT"]
[Date "2020.05.24"]
[Round "5.20"]
[White "Zhao, Erick"]
[Black "Leiva, Giuseppe"]
[Result "1-0"]
[WhiteTitle "CM"]
[BlackTitle "IM"]
[WhiteElo "2039"]
[BlackElo "2391"]
[WhiteFideId "30946930"]
[BlackFideId "3804399"]
[EventDate "2020.05.23"]

1. e4 c5 2. Nf3 d6 3. d4 cxd4 4. Nxd4 Nf6 5. Nc3 a6 6. h3 e5 7. Nde2 h5 8. g3
Be6 9. Bg2 Be7 10. Be3 b5 11. O-O Nbd7 12. a4 b4 13. Nd5 Bxd5 14. exd5 a5 15. c4
O-O 16. Qd3 Re8 17. Rad1 Qc7 18. b3 Nc5 19. Qc2 g6 20. f4 exf4 21. Nxf4 Bf8 22.
Ne6 fxe6 23. Rxf6 e5 24. Qxg6+ Qg7 25. Qf5 Qh7 26. Bxc5 Qxf5 27. Rxf5 dxc5 28.
d6 Rad8 29. Bc6 Re6 30. Bd5 Rxd6 31. Bxe6+ Rxe6 32. Rd8 1-0

[Event "PNWCC Masters 2020"]
[Site "chess.com INT"]
[Date "2020.05.24"]
[Round "5.21"]
[White "He, Anthony"]
[Black "Chen, Ryo"]
[Result "1-0"]
[WhiteTitle "FM"]
[WhiteElo "2337"]
[BlackElo "2085"]
[WhiteFideId "2088215"]
[BlackFideId "7003072"]
[EventDate "2020.05.23"]

1. Nf3 Nf6 2. g3 g6 3. Bg2 Bg7 4. d4 O-O 5. O-O d6 6. b3 Nfd7 7. Bb2 e5 8. dxe5
Nxe5 9. Nxe5 dxe5 10. Nc3 c6 11. Ba3 Re8 12. Qxd8 Rxd8 13. Rad1 Rd4 14. e3 Rxd1
15. Rxd1 Nd7 16. Ne4 f5 17. Nd6 Nf6 18. Nc4 Ne8 19. Bb2 Be6 20. Nxe5 Nc7 21. Kf1
Re8 22. f4 Bd5 23. c4 Bxg2+ 24. Kxg2 Ne6 25. Rd7 Nc5 26. Rxg7+ Kxg7 27. Nd3+ Kh6
28. Nxc5 b6 29. Na4 Rxe3 30. Kf2 Rd3 31. Ke2 Rd7 32. Bf6 Kh5 33. h3 Rf7 34. Be5
g5 35. Nb2 gxf4 36. Bxf4 Re7+ 37. Be3 f4 38. gxf4 Kh4 39. Nd3 Kxh3 40. Kf3 Rf7
41. Ne5 Rf6 42. Ke4 Kg2 43. f5 h5 44. Bg5 Rf8 45. f6 Rg8 46. f7 Rf8 47. Be7 h4
48. Bxf8 h3 49. Nf3 h2 50. Nxh2 Kxh2 51. Bd6+ Kg2 52. f8=Q Kg1 53. Qg7+ Kh1 54.
Qg3 c5 55. Qh2# 1-0

[Event "PNWCC Masters 2020"]
[Site "chess.com INT"]
[Date "2020.05.24"]
[Round "5.22"]
[White "Yan, Ruiyang"]
[Black "Coleman, Teddy"]
[Result "0-1"]
[WhiteTitle "WCM"]
[BlackTitle "IM"]
[WhiteElo "2093"]
[BlackElo "2333"]
[WhiteFideId "30919860"]
[BlackFideId "2022010"]
[EventDate "2020.05.23"]

1. e4 e5 2. Nf3 Nc6 3. Bb5 a6 4. Ba4 b5 5. Bb3 g6 6. O-O Bg7 7. c3 Nge7 8. d4
exd4 9. cxd4 d6 10. h3 O-O 11. Nc3 Na5 12. Bc2 c5 13. Ne2 Nc4 14. b3 Nb6 15. Bb2
a5 16. Rc1 Ba6 17. Bb1 c4 18. Nd2 d5 19. exd5 Nexd5 20. bxc4 Nxc4 21. Nxc4 bxc4
22. Be4 Rb8 23. Ba3 Re8 24. Bf3 Nb4 25. Qd2 Nd3 26. Rc2 Qb6 27. g3 h5 28. h4
Rbd8 29. d5 Re5 30. Nc3 Rf5 31. Be4 Rxf2 32. Rxf2 Nxf2 33. Kg2 Ng4 34. Bc1 Re8
35. Qf4 f5 36. Bxf5 gxf5 37. Qxf5 Bc8 38. Qxh5 Re1 39. Kf3 Rf1+ 40. Kg2 Qg1+ 41.
Kh3 Nf2# 0-1

[Event "PNWCC Masters 2020"]
[Site "chess.com INT"]
[Date "2020.05.24"]
[Round "5.23"]
[White "Chasin, Nico"]
[Black "Xie, Bryan"]
[Result "1-0"]
[WhiteTitle "FM"]
[BlackTitle "CM"]
[WhiteElo "2303"]
[BlackElo "2049"]
[WhiteFideId "30908477"]
[BlackFideId "30941296"]
[EventDate "2020.05.23"]

1. d4 Nf6 2. c4 e6 3. Nf3 b6 4. g3 Bb7 5. Bg2 Be7 6. O-O O-O 7. d5 exd5 8. Nh4
c6 9. cxd5 Nxd5 10. Nf5 Nf6 11. Nd6 Bxd6 12. Qxd6 Re8 13. Nc3 Re6 14. Qf4 d5 15.
Rd1 Na6 16. b4 Qd6 17. b5 cxb5 18. Bh3 Qxf4 19. Bxf4 Ree8 20. Nxb5 Rxe2 21. Nd6
Nc5 22. Be3 Bc6 23. Bf1 Rc2 24. Nf5 Ba4 25. Ne7+ Kf8 26. Nxd5 Nxd5 27. Rxd5 Bc6
28. Rd6 Nb7 29. Rdd1 Bf3 30. Rd3 Rd8 31. Ra3 Na5 32. Bxb6 axb6 33. Rxf3 Rdd2 34.
Rb1 Rb2 35. Rxb2 Rxb2 36. a3 Rb3 37. Kg2 Ke7 38. a4 Rxf3 39. Kxf3 Nb3 40. Ke3
Nc5 41. Bb5 Kd6 42. Kd4 f6 43. f4 Nb3+ 44. Kc3 Nc5 45. Kb4 g6 46. Bc4 Kc6 47.
Bf7 Ne4 48. Bg8 h6 49. Bh7 Nd2 50. Bxg6 Nf1 51. Bd3 Nxh2 52. Be2 Kd6 53. Kb5 Kc7
54. g4 Kb7 55. Kc4 Kc6 56. Kd4 Kd6 57. Ke4 Kc5 58. Kf5 Kd4 59. Kxf6 Ke3 60. g5
hxg5 61. fxg5 Kxe2 62. g6 Ng4+ 63. Kg5 Ne5 64. g7 Nf7+ 65. Kh5 Nh6 66. Kxh6 1-0

[Event "PNWCC Masters 2020"]
[Site "chess.com INT"]
[Date "2020.05.24"]
[Round "5.24"]
[White "Eidelman, Gabriel"]
[Black "Zhou, Liran"]
[Result "1-0"]
[BlackTitle "FM"]
[WhiteElo "1988"]
[BlackElo "2351"]
[WhiteFideId "30910544"]
[BlackFideId "30931967"]
[EventDate "2020.05.23"]

1. d4 Nf6 2. c4 g6 3. Nc3 Bg7 4. e4 d6 5. f3 O-O 6. Be3 c5 7. dxc5 dxc5 8. Qxd8
Rxd8 9. Bxc5 Nc6 10. Nd5 Nd7 11. Bxe7 Nxe7 12. Nxe7+ Kf8 13. Nd5 Bxb2 14. Rb1
Bg7 15. Nh3 b6 16. Nf2 Nc5 17. Be2 Ne6 18. O-O Ba6 19. Rb4 Rac8 20. Rd1 Nd4 21.
Bd3 Nc6 22. Ra4 Na5 23. c5 Bxd3 24. Nxd3 Nc6 25. cxb6 Bd4+ 26. Nf2 Bxb6 27. Nxb6
axb6 28. Rc4 Ne5 29. Rxd8+ Rxd8 30. Rc2 b5 31. Kf1 Nc4 32. Ke2 Ke7 33. a4 Na3
34. Rc3 b4 35. Rb3 Nc2 36. Rb2 Nd4+ 37. Ke3 b3 38. Nd3 Nc2+ 39. Kd2 Nd4 40. Kc3
f5 41. exf5 gxf5 42. Nc5 f4 43. Nxb3 Nf5 44. Rd2 Rc8+ 45. Kb4 Rb8+ 46. Ka3 Ne3
47. Ka2 Rb4 48. Rd4 Rxd4 49. Nxd4 Nxg2 50. Kb3 Kd6 51. Kc4 h5 52. Kb5 Kc7 53. a5
Kb7 54. a6+ Ka7 55. Nc6+ Ka8 56. Kb6 Ne1 57. Nd4 Nd3 58. Ne6 1-0

[Event "PNWCC Masters 2020"]
[Site "chess.com INT"]
[Date "2020.05.24"]
[Round "5.25"]
[White "Vivekananthan, Anish"]
[Black "Wen, Tommy"]
[Result "0-1"]
[WhiteTitle "FM"]
[WhiteElo "2239"]
[BlackElo "2014"]
[WhiteFideId "2090775"]
[BlackFideId "30952255"]
[EventDate "2020.05.23"]

1. e4 c5 2. Nf3 e6 3. d4 cxd4 4. Nxd4 a6 5. c4 Nf6 6. Nc3 Qc7 7. Be2 Bb4 8. Qd3
Nc6 9. Nc2 Ne5 10. Qg3 Bxc3+ 11. bxc3 O-O 12. Bh6 Ne8 13. O-O Nxc4 14. Qxc7 Nxc7
15. Bf4 e5 16. Bg3 Nd2 17. Bxe5 Nxf1 18. Bxc7 Nd2 19. f3 b5 20. Bd6 Re8 21. Ne3
Bb7 22. Rd1 Nc4 23. Nxc4 bxc4 24. Bxc4 Bc6 25. e5 Bb5 26. Bd5 Bc6 27. Bb3 a5 28.
Rd4 a4 29. Bc4 Ra5 30. Rf4 Bd5 31. Bxd5 Rxd5 32. Rxa4 f6 33. f4 g5 34. g3 gxf4
35. gxf4 Rd2 36. h4 Rc8 37. Bb4 fxe5 38. fxe5 Rc4 39. Ra8+ Kg7 40. h5 Rg4+ 41.
Kf1 Rh4 42. Kg1 Rg4+ 43. Kf1 Rh4 44. Kg1 Re4 45. Kf1 Rxe5 46. c4 Rc2 47. Rd8
Rxh5 48. Rxd7+ Kf6 49. Kg1 Rxc4 50. Bd2 Rc2 51. a4 Ke6 52. Rd3 Rd5 53. Re3+ Re5
54. Rd3 Re2 55. Bc3 Rc1+ 0-1

[Event "PNWCC Masters 2020"]
[Site "chess.com INT"]
[Date "2020.05.24"]
[Round "5.26"]
[White "Estrada Nieto, Julian"]
[Black "Li, Thomas"]
[Result "1-0"]
[WhiteTitle "IM"]
[WhiteElo "2280"]
[BlackElo "1822"]
[WhiteFideId "5101018"]
[BlackFideId "30957621"]
[EventDate "2020.05.23"]

1. e4 c5 2. Nf3 d6 3. Bb5+ Bd7 4. Bxd7+ Qxd7 5. O-O Nc6 6. c4 g6 7. d4 cxd4 8.
Nxd4 Bg7 9. Be3 Nf6 10. f3 Ne5 11. b3 O-O 12. Nc3 Rac8 13. Qe2 a6 14. Rac1 Nc6
15. Nxc6 Rxc6 16. a4 b6 17. Rfd1 Qb7 18. Bd4 Nd7 19. Bxg7 Kxg7 20. Qb2 Kg8 21.
Nd5 Nc5 22. b4 Nxa4 23. Qa1 b5 24. cxb5 Rxc1 25. Rxc1 Re8 26. Qxa4 Qxb5 27. Qxb5
axb5 28. Rc7 Kf8 29. Rb7 e6 30. Nf6 Rc8 31. Nxh7+ Kg7 32. Ng5 Rc4 33. Rxf7+ Kg8
34. Rf6 Rxb4 35. Rxg6+ Kh8 36. Rxe6 Rb1+ 37. Kf2 b4 38. Rxd6 b3 39. Rb6 b2 40.
Kg3 Kg7 41. h4 Kf8 42. Kf4 Kg7 43. h5 Kh8 44. h6 1-0

[Event "PNWCC Masters 2020"]
[Site "chess.com INT"]
[Date "2020.05.24"]
[Round "5.27"]
[White "Kumar, Naman"]
[Black "Wen, Teddie"]
[Result "1-0"]
[WhiteElo "2115"]
[BlackElo "2071"]
[WhiteFideId "30908922"]
[BlackFideId "30952247"]
[EventDate "2020.05.23"]

1. e4 c5 2. Nf3 d6 3. d4 cxd4 4. Nxd4 Nf6 5. Nc3 g6 6. Be3 Bg7 7. f3 O-O 8. Qd2
Nc6 9. O-O-O d5 10. Qe1 e5 11. Nxc6 bxc6 12. exd5 Nxd5 13. Bc4 Be6 14. Kb1 Nxc3+
15. Qxc3 Qe7 16. h4 Rab8 17. Bb3 Rfc8 18. Bc5 Qe8 19. Bxa7 Ra8 20. Bc5 Bd5 21.
g4 e4 22. Bd4 Bxd4 23. Rxd4 Bxb3 24. axb3 exf3 25. Qxf3 c5 26. Re4 Qf8 27. h5
Ra6 28. hxg6 hxg6 29. Qh3 Qg7 30. g5 Rca8 31. c3 f5 32. Rh4 Ra1+ 33. Kc2 Rxh1
34. Qxh1 Rd8 35. Qc6 Qf7 36. Rh6 Kg7 37. Qh1 Qd5 38. Rh7+ Kg8 39. Rh8+ Kf7 40.
Qh7+ Ke6 41. Qxg6+ Kd7 42. Rh7+ Kc8 43. Qa6+ Kb8 44. Qa7+ Kc8 45. Qc7# 1-0

[Event "PNWCC Masters 2020"]
[Site "chess.com INT"]
[Date "2020.05.24"]
[Round "5.28"]
[White "Bian, Erin"]
[Black "Hu, Merric"]
[Result "0-1"]
[WhiteElo "1485"]
[BlackElo "2080"]
[WhiteFideId "30966043"]
[BlackFideId "30906660"]
[EventDate "2020.05.23"]

1. e4 c5 2. Nf3 Nc6 3. d4 cxd4 4. Nxd4 Nf6 5. Nc3 g6 6. Be3 Bg7 7. f3 O-O 8. Bc4
d6 9. Qd2 Bd7 10. O-O-O Ne5 11. Bb3 Rc8 12. g4 b5 13. h4 b4 14. Nd5 Nxd5 15.
Bxd5 e6 16. Bb3 a5 17. a4 bxa3 18. bxa3 Nc4 19. Bxc4 Rxc4 20. h5 Qb6 21. Qd3
Rfc8 22. hxg6 fxg6 23. Rh2 Ba4 24. Rdd2 Bxd4 25. Bxd4 Rxd4 26. Qxd4 Rxc2+ 27.
Rxc2 Qxd4 28. Rc8+ Kg7 29. Rc7+ Kf6 30. Rhxh7 Qe3+ 31. Kb1 Qb3+ 32. Kc1 Qxa3+
33. Kd2 Ke5 34. Rh1 Qb2+ 35. Ke3 Qb6+ 36. Kd3 Qxc7 37. f4+ Kxf4 38. Rf1+ Ke5 39.
Rf5+ gxf5 40. gxf5 exf5 41. exf5 Bb5+ 42. Ke3 Qc3+ 43. Kf2 Kf4 44. f6 Qf3+ 45.
Kg1 Bc6 46. f7 Qg2# 0-1

[Event "PNWCC Masters 2020"]
[Site "chess.com INT"]
[Date "2020.05.24"]
[Round "5.29"]
[White "Zong, Davis"]
[Black "Chang, Eddie"]
[Result "1-0"]
[WhiteElo "2129"]
[BlackElo "1667"]
[WhiteFideId "30903955"]
[BlackFideId "30960932"]
[EventDate "2020.05.23"]

1. d4 Nf6 2. c4 g6 3. Nc3 d5 4. cxd5 Nxd5 5. e4 Nxc3 6. bxc3 Bg7 7. Bc4 c5 8.
Ne2 Nc6 9. Be3 O-O 10. O-O Na5 11. Bd3 b6 12. Qd2 Bb7 13. Rab1 cxd4 14. cxd4 e6
15. Rfc1 Qe7 16. f3 Rac8 17. e5 Qa3 18. Rc3 Rxc3 19. Nxc3 Rd8 20. Nb5 Qe7 21.
Nxa7 Bxe5 22. dxe5 Nc4 23. Qe2 Nxe3 24. Qxe3 Qa3 25. Qxb6 Qxd3 26. h3 Rd7 27.
Re1 Qd2 28. Qf2 Qxf2+ 29. Kxf2 Ba6 30. Nc6 Rd2+ 31. Kg3 Rxa2 32. Nb4 Ra4 33. Nc2
h5 34. h4 Kg7 35. Rd1 Ra5 36. Kf4 Bb7 37. Rd4 Ra2 38. Ne3 Rb2 39. Ra4 Bc6 40.
Rc4 Bd5 41. Nxd5 exd5 42. Rc7 Re2 43. g3 Kg8 44. Rd7 Rd2 45. Kg5 Rd3 46. f4
Rxg3+ 47. Kf6 Rg4 48. Rd8+ Kh7 49. f5 Rf4 50. Kxf7 Rxf5+ 51. Ke6 Kg7 52. Rxd5
Rf4 53. Kd7 Re4 54. Kd6 Kf7 55. Rd1 Rxh4 56. Kd7 Re4 57. Rf1+ Kg7 58. e6 Rd4+
59. Kc6 Re4 60. Kd6 g5 61. e7 Re2 62. Rf8 g4 63. e8=Q Rxe8 64. Rxe8 Kf6 65. Rf8+
Kg5 66. Ke5 h4 67. Rg8+ Kh5 68. Kf4 g3 69. Rh8+ Kg6 70. Rxh4 g2 71. Rg4+ Kf6 72.
Rxg2 1-0

[Event "PNWCC Masters 2020"]
[Site "chess.com INT"]
[Date "2020.05.24"]
[Round "5.31"]
[White "Padhye, Rohan"]
[Black "Park, Evan"]
[Result "1-0"]
[WhiteElo "1716"]
[BlackElo "2146"]
[WhiteFideId "30946034"]
[BlackFideId "30931142"]
[EventDate "2020.05.23"]

1. e4 e5 2. Nf3 Nc6 3. Bc4 Nf6 4. d3 h6 5. Nc3 d6 6. h3 a6 7. Be3 Na5 8. Bb3
Nxb3 9. axb3 Be7 10. Qd2 Be6 11. d4 exd4 12. Nxd4 c5 13. Nxe6 fxe6 14. Rd1 b5
15. Qd3 O-O 16. O-O Qe8 17. e5 dxe5 18. Ne4 Qc6 19. Nxf6+ Rxf6 20. Qd7 Qxd7 21.
Rxd7 Rf7 22. Rc7 e4 23. Bxc5 Bf6 24. Rxf7 Kxf7 25. c3 Rd8 26. b4 Rd2 27. Rb1 Bg5
28. Kf1 h5 29. Bd4 Kg6 30. Ra1 Bf6 31. Bxf6 Kxf6 32. Rxa6 Rxb2 33. Rb6 Rc2 34.
Rxb5 Rxc3 35. Rxh5 g5 36. Rh8 e3 37. fxe3 Rxe3 38. Rb8 Rb3 39. b5 Kf5 40. b6 Ke4
41. Kf2 Kf4 42. g3+ Ke4 43. b7 e5 44. h4 gxh4 45. gxh4 Rf3+ 46. Ke2 Re3+ 47. Kd2
Rd3+ 48. Ke1 Re3+ 49. Kf1 Rf3+ 50. Kg2 Rf7 51. h5 Ke3 52. h6 e4 53. Kg3 Ke2 54.
Kg4 e3 55. Kg5 Kf2 56. Kg6 e2 57. Kxf7 e1=Q 58. Rf8 1-0

[Event "PNWCC Masters 2020"]
[Site "chess.com INT"]
[Date "2020.05.24"]
[Round "5.32"]
[White "Wang, Alex Yuxuan"]
[Black "Jiang, Brandon"]
[Result "1/2-1/2"]
[WhiteElo "1983"]
[BlackElo "1954"]
[WhiteFideId "30943876"]
[BlackFideId "30943582"]
[EventDate "2020.05.23"]

1. Nf3 f5 2. e4 fxe4 3. Ng5 d5 4. d3 Qd6 5. dxe4 h6 6. Nf3 dxe4 7. Nd4 c6 8. Nc3
Nf6 9. Be2 e5 10. Nb3 Qxd1+ 11. Bxd1 Bb4 12. Bd2 a5 13. a3 Bd6 14. Be3 Bf5 15.
O-O Nbd7 16. Ne2 Ke7 17. Ng3 Bg6 18. c3 Nd5 19. Bg4 Nxe3 20. fxe3 Nf6 21. Bf5
Bf7 22. Nd2 Bc5 23. Rfe1 Nd5 24. Ngf1 1/2-1/2

[Event "PNWCC Masters 2020"]
[Site "chess.com INT"]
[Date "2020.05.24"]
[Round "5.33"]
[White "Hoesley, Aria"]
[Black "Zheng, Michael"]
[Result "0-1"]
[WhiteElo "1885"]
[BlackElo "2050"]
[WhiteFideId "30918669"]
[BlackFideId "30930308"]
[EventDate "2020.05.23"]

1. e4 c5 2. Nf3 a6 3. d4 cxd4 4. Nxd4 Nf6 5. Bd3 e5 6. Nf3 Nc6 7. O-O Bc5 8. Bg5
h6 9. Bh4 g5 10. Bg3 d6 11. c3 Nh5 12. Kh1 Nf4 13. Bc4 Be6 14. Nbd2 Ne7 15. b4
Bb6 16. Bxf4 exf4 17. Bxe6 fxe6 18. Nc4 Bc7 19. Nd4 Kf7 20. Qh5+ Kf6 21. Ne3 Qg8
22. Ng4+ Kg7 23. Rfe1 Qf7 24. Qxf7+ Kxf7 25. f3 Bb6 26. Rf1 Rac8 27. Ne2 h5 28.
Nf2 Bxf2 29. Rxf2 d5 30. Rff1 dxe4 31. fxe4 e5 32. Kg1 Rc4 33. Rad1 Rxe4 34. Rd2
Rc8 35. Rc1 Ke6 36. Kf2 Nd5 37. Rdc2 Rec4 38. a3 b5 39. Kf1 Ne3+ 0-1

[Event "PNWCC Masters 2020"]
[Site "chess.com INT"]
[Date "2020.05.24"]
[Round "5.34"]
[White "Wilson, Ronen"]
[Black "Woodward, Andy"]
[Result "0-1"]
[WhiteElo "1909"]
[BlackElo "1856"]
[WhiteFideId "30926173"]
[BlackFideId "30953499"]
[EventDate "2020.05.23"]

1. e4 c5 2. Nf3 d6 3. d4 cxd4 4. Nxd4 Nf6 5. Nc3 a6 6. Bg5 Nbd7 7. Bc4 Qb6 8.
Bb3 e6 9. Qd2 Be7 10. O-O-O Nc5 11. f3 O-O 12. g4 Qc7 13. h4 b5 14. Bxf6 Bxf6
15. g5 Be5 16. f4 b4 17. Nce2 Bxd4 18. Qxd4 Bb7 19. Ng3 Rfc8 20. Rh2 a5 21. Qxd6
Qxd6 22. Rxd6 Nxe4 23. Nxe4 Bxe4 24. Ba4 g6 25. Rhd2 Kg7 26. R2d4 Bf5 27. Kd2 h6
28. Rc6 Rh8 29. Rc7 hxg5 30. fxg5 e5 31. Rdc4 Rad8+ 32. Ke2 e4 33. Bb3 a4 34.
Bxa4 Rxh4 35. Bb3 Rh2+ 36. Ke3 Rh3+ 37. Kf4 Rd5 38. Rxe4 Bxe4 39. Kxe4 Rf5 40.
Kd4 Rg3 41. c4 bxc3 42. Rxc3 Rgxg5 43. a4 Rg4+ 44. Ke3 Rb4 45. Ke2 g5 46. Rg3
Kh6 47. Rh3+ Rh4 48. Re3 Rh2+ 49. Kd3 g4 50. Ke4 Kg5 51. Rc3 Rxb2 52. Kd4 Rf3
53. Rc5+ f5 54. Be6 Rb4+ 55. Rc4 Rxc4+ 56. Kxc4 g3 57. Bd5 g2 58. Bxf3 g1=Q 0-1

[Event "PNWCC Masters 2020"]
[Site "chess.com INT"]
[Date "2020.05.24"]
[Round "5.35"]
[White "Modi, Ethan"]
[Black "Jin, Derek"]
[Result "1/2-1/2"]
[WhiteElo "1786"]
[BlackElo "1880"]
[WhiteFideId "30960592"]
[BlackFideId "30920329"]
[EventDate "2020.05.23"]

1. d4 Nf6 2. c4 e6 3. Nf3 d5 4. g3 Bb4+ 5. Bd2 Be7 6. Bg2 O-O 7. O-O c6 8. Qb3
b6 9. Nc3 Nbd7 10. Bf4 a6 11. cxd5 cxd5 12. Rac1 Bb7 13. Ne5 Nxe5 14. dxe5 Nd7
15. e4 Nc5 16. Qc2 dxe4 17. Nxe4 Nxe4 18. Bxe4 Rc8 19. Qe2 Bxe4 20. Qxe4 Qd7 21.
Rfd1 Rxc1 22. Rxc1 Rc8 23. Rxc8+ Qxc8 24. Be3 b5 25. h4 a5 26. Qd3 Qb7 27. h5 h6
28. Qd4 a4 29. Qg4 Kh7 30. Qd1 Kh8 31. a3 Qc7 32. Qf3 Bc5 33. Bxc5 Qxc5 34. Qxf7
Qxe5 35. Qe8+ Kh7 36. Qg6+ Kh8 37. Qe8+ Kh7 38. Qg6+ Kh8 39. Qe8+ 1/2-1/2

[Event "PNWCC Masters 2020"]
[Site "chess.com INT"]
[Date "2020.05.24"]
[Round "5.36"]
[White "Ho, Cooper"]
[Black "Kondakov, Adrian"]
[Result "0-1"]
[BlackTitle "CM"]
[WhiteElo "1663"]
[BlackElo "1986"]
[WhiteFideId "30964610"]
[BlackFideId "30920302"]
[EventDate "2020.05.23"]

1. e4 e5 2. Nf3 Nc6 3. Bc4 Bc5 4. O-O Nf6 5. d3 d6 6. c3 a6 7. a4 Ba7 8. Nbd2 h6
9. b4 O-O 10. h3 Ne7 11. Bb3 Ng6 12. Nc4 c6 13. Re1 Be6 14. Be3 Bxe3 15. Nxe3
Nf4 16. Bc2 Nd7 17. d4 exd4 18. cxd4 d5 19. e5 a5 20. Qd2 axb4 21. Qxb4 Ra7 22.
Qd2 Qc7 23. Nf5 Bxf5 24. Bxf5 Ne6 25. Rec1 Rfa8 26. Qb4 c5 27. Bxe6 fxe6 28.
dxc5 Nxe5 29. Nxe5 Qxe5 30. Re1 Qf6 31. a5 Kh8 32. Qb6 Qc3 33. Rec1 Qe5 34. c6
bxc6 35. Qxc6 Rxa5 36. Qxa8+ Rxa8 37. Rxa8+ Kh7 38. Raa1 d4 39. Re1 Qd5 40. Rad1
e5 41. f3 Qc5 42. Kh2 Qd6 43. Kh1 h5 44. Re4 Kg6 45. Ree1 Kf6 46. Re4 g5 47.
Rde1 Qc5 48. Rd1 Qc2 49. Ree1 d3 50. Rf1 Kf5 51. Kh2 Ke6 52. Rc1 Qb3 53. Rb1 Qc4
54. Rbd1 Kd5 55. Rfe1 Qc2 56. Rf1 Kd4 57. Rc1 Qd2 58. Rcd1 Qf4+ 59. g3 Qe3 60.
Rde1 Qd2+ 61. Kg1 Qa5 62. Rd1 Kc3 63. Rf2 Qb6 64. Kf1 Qe3 65. Re1 Qd4 66. Rd1 h4
67. g4 Qf4 68. Kg1 Qg3+ 69. Kf1 Qxh3+ 70. Kg1 Qg3+ 71. Kf1 Qf4 72. Kg2 d2 73.
Kh1 Qe3 74. Kg2 Kc2 75. Rdf1 Qxf2+ 76. Rxf2 Kc1 77. Rf1+ d1=Q 78. Rxd1+ Kxd1 79.
Kf2 Kd2 80. Kg2 Ke2 81. Kh2 Kxf3 82. Kh3 e4 83. Kh2 e3 84. Kh3 e2 85. Kh2 e1=Q
86. Kh3 Qh1# 0-1

[Event "PNWCC Masters 2020"]
[Site "chess.com INT"]
[Date "2020.05.24"]
[Round "5.39"]
[White "Rao, Anjaneya"]
[Black "Zhang, Samuel"]
[Result "0-1"]
[WhiteElo "1814"]
[BlackElo "2033"]
[WhiteFideId "30954770"]
[BlackFideId "30942993"]
[EventDate "2020.05.23"]

1. e4 c5 2. Nf3 d6 3. d4 cxd4 4. Nxd4 Nf6 5. Nc3 a6 6. f3 e5 7. Nb3 Be7 8. Be3
Be6 9. Qd2 O-O 10. O-O-O a5 11. Kb1 a4 12. Nc1 a3 13. b3 Na6 14. Bxa6 Rxa6 15.
g4 Rc6 16. N1e2 Qb8 17. h4 Rfc8 18. Rc1 d5 19. Nxd5 Nxd5 20. exd5 Rd6 21. h5
Rxd5 22. Qe1 e4 23. Bf4 Bd6 24. fxe4 Rdc5 25. Qg3 Bxf4 26. Qxf4 Qxf4 27. Nxf4
Bxg4 28. Nd5 Re8 29. Rhg1 Rxe4 30. Rce1 Rxe1+ 31. Rxe1 h6 32. Re5 Kf8 33. b4 f6 0-1